|
|
|
|
| LEADER |
00000nam a2200000 a 4500 |
| 001 |
vtls009350135 |
| 003 |
SK-MaSNL |
| 005 |
20260301210922.0 |
| 008 |
240318s2008 un a 000 p ukr |
| 020 |
|
|
|a 9789662195330
|q (brož.)
|
| 035 |
|
|
|a urn:nbn:sk:snk-am00cuwq
|
| 035 |
|
|
|a urn:nbn:sk:snk-am3hor2
|
| 035 |
|
|
|a 4CF6E202-DCE7-40AC-B4C8-EACD35EF06BE
|
| 040 |
|
|
|a SNK
|b slo
|c SNK
|e AACR2
|
| 041 |
0 |
|
|a ukr
|a slo
|
| 044 |
|
|
|a un
|c UA
|
| 072 |
|
7 |
|a 821.16
|x Slovanské literatúry
|2 konspekt
|
| 080 |
|
|
|a 821.161.2-1
|2 2001
|
| 100 |
1 |
|
|a Lichtej, Tetjana Vasylivna,
|d 1972-
|4 aut
|9 186837
|
| 245 |
1 |
0 |
|a Rozmarínové sny
|b lyrika
|c Teťana Lichtejová ; [preložil Juraj Andričík]
|
| 246 |
1 |
1 |
|a Rozmarynovi sny
|b liryka
|
| 260 |
|
|
|a Užhorod
|b Lira
|c 2008
|
| 300 |
|
|
|a 107 s., [7] s. obr. príl.
|b ilustr.
|c 15 cm
|
| 500 |
|
|
|a Súbež. tit. strana a text ukr.
|
| 500 |
|
|
|a V knihe sú použité reprodukcie ukr. výtvarníčky Ľudmyly Korž.Raďkovej
|
| 500 |
|
|
|a 500 výt.
|
| 650 |
0 |
7 |
|a ukrajinská poézia
|2 SNKPH
|9 59029
|
| 655 |
|
7 |
|a dvojjazyčné vydania
|2 SNKPH
|9 79030
|
| 655 |
|
7 |
|a ukrajinská poézia
|2 SNKPH
|9 70502
|
| 700 |
1 |
|
|a Korž-Rad'ko, Ljudmyla
|4 ill
|9 345439
|
| 700 |
1 |
|
|a Andričík, Juraj,
|d 1937-2017
|4 trl
|9 171047
|
| 919 |
|
|
|a 978-966-2195-33-0
|
| 958 |
|
|
|a ZS
|
| 958 |
|
|
|a LX
|
| 958 |
|
|
|a UA
|
| 958 |
|
|
|a UP
|
| 999 |
|
|
|c 915245
|d 917175
|
| 952 |
|
|
|a SNK
|b SNK
|y PREZ
|7 0
|p 17A0628940
|o snkSE 11832
|i snk2009/15262
|8 2
|g 1.92
|0 0
|1 0
|4 0
|d 2009-08-13
|f 1
|l 0
|r 2026-02-24 07:57:19
|w 2026-02-24
|
| 952 |
|
|
|a SNK
|b SNK
|y VYP
|7 0
|p 17A0628939
|o snkSE 11832 D1
|i snk2009/15263
|8 2
|g 1.92
|0 0
|1 0
|4 0
|d 2009-08-13
|l 0
|r 2026-02-24 07:57:19
|w 2026-02-24
|